Patologické hráčstvo a možnosti prevencie = Pathological gaming and possible methods of prevention : Diplomová práca

Na minha lista:
Detalhes bibliográficos
Autor principal: Kružlík, Branislav (Author)
Outros Autores: Petráš, Milan (xxx)
Formato: Manuscrito Livro
Idioma:eslovaco
Publicado em: Trnava : STU v Bratislave MTF UIPH, 2009
Assuntos:
Tags: Adicionar Tag
Sem tags, seja o primeiro a adicionar uma tag!

MARC

LEADER 00000ntm a22000003a 4500
001 stu198898
005 20160719160102.5
008 100125s2009----xo------------------slo-d
040 |a STU  |b slo 
041 0 |a slo 
044 |a xo 
100 1 |a Kružlík, Branislav  |4 aut 
245 1 |a Patologické hráčstvo a možnosti prevencie = Pathological gaming and possible methods of prevention :  |b Diplomová práca 
260 |a Trnava :  |b STU v Bratislave MTF UIPH,  |c 2009 
300 |a 67 s  |c Prílohy + 1 CD-ROM 
500 |a Študijný program: učiteľstvo technických profesijných predmetov 
500 |a Študijný odbor: 1.1.2 učiteľstvo profesijných predmetov a praktickej prípravy 
650 7 |a patologické hráčstvo  |2 stusub 
650 7 |a hazardná hra  |2 stusub 
650 7 |a závislosť  |2 stusub 
700 1 |a Petráš, Milan  |4 xxx  |u M310  |U MTF Ústav inžinierskej pedagogiky a humatitných vied  |T MTF Katedra humanitných vied  |U M310  |Y M310 
996 |b 284M077858  |c M*DP-8755  |l MMSKP  |s P  |a 0  |w stu198898_0001